| 000 | 00713nam a2200229Ia 4500 | ||
|---|---|---|---|
| 005 | 20220714154952.0 | ||
| 008 | 210716s2009 xx 000 0 und d | ||
| 020 | _a978812970787X | ||
| 040 | _cAIMIT LIBRARY | ||
| 041 | _aeng | ||
| 082 |
_a003.55 _21 _bINTR |
||
| 110 |
_aITL Education Solutions Limited _949530 |
||
| 245 | _aIntroduction to information technology / | ||
| 250 | _a1st ed. | ||
| 260 |
_aNew Delhi : _bPearson Education , _c2009. |
||
| 300 |
_axviii,648 p. ; _c25 cm. |
||
| 650 |
_aComputer organisation and architecture _949531 |
||
| 650 |
_aInput output media _949532 |
||
| 650 |
_aOperating system _949533 |
||
| 650 |
_aMultimedia essentials _949534 |
||
| 942 |
_2ddc _cBK _e1st _k003.55 INTR |
||
| 999 |
_c190957 _d190957 |
||